All Harry Potter Wizarding Schools - Statistics

General Stats
  • This quiz has been taken 20 times
  • The average score is 4 of 8
Answers on the Map
Answers color-coded by a green-red scale on the quiz's map according to % correct below.
 
Answer Stats
Answer % Correct
Hogwarts Scottish Highlands
100%
Durmstrang Scandinavia, most likely northernmost part of Norway or Sweden
83%
Beauxbatons Pyrenees, France
61%
Ilvermorny Mount Greylock, Massachusetts, USA
56%
Mahoutokoro Minami Iwo Jima, Japan
33%
Uagadou Mountains of the Moon, Uganda
33%
Koldovstoretz Russia
28%
Castelbruxo Amazon Rainforest, Brazil
22%
No matching quizzes found
Score Distribution
Percent of People with Each Score
Percentile by Number Answered
Your Score History
You have not taken this quiz